|
|
|
|
| LEADER |
00000nam0a2200000 4500 |
| 001 |
681928 |
| 005 |
20260130135629.0 |
| 090 |
|
|
|a 681928
|
| 100 |
|
|
|a 20250926d1977 k||y0rusy5003 ca
|
| 101 |
0 |
|
|a rus
|
| 102 |
|
|
|a RU
|
| 105 |
|
|
|a a z 101yy
|
| 181 |
|
0 |
|a i
|b e
|
| 182 |
|
0 |
|a n
|
| 183 |
|
0 |
|a nc
|2 RDAcarrier
|
| 200 |
1 |
|
|a Теория приближения функций
|e труды Международной конференции по теории приближения функций, Калуга, 24-28 июля 1975 г.
|e сборник статей
|f Математический институт им. В. А. Стеклова АН СССР [и др.]; под ред. С. В. Стечкина, С. А. Теляковского
|
| 203 |
|
|
|a Текст
|b визуальный
|c непосредственный
|
| 210 |
|
|
|a Москва
|c Наука
|d 1977
|
| 215 |
|
|
|a 440 с.
|c ил.
|
| 283 |
|
|
|a volume
|2 RDAcarrier
|
| 320 |
|
|
|a Библиогр. в конце ст.
|
| 606 |
1 |
|
|a Приближений теория
|2 stltpush
|3 (RuTPU)RU\TPU\subj\51522
|9 70095
|
| 610 |
1 |
|
|a конференции
|
| 610 |
1 |
|
|a функции
|
| 610 |
1 |
|
|a ряды Фурье
|
| 610 |
1 |
|
|a аппроксимация
|
| 610 |
1 |
|
|a вычислительная математика
|
| 610 |
1 |
|
|a неравенства
|
| 610 |
1 |
|
|a операторы
|
| 610 |
1 |
|
|a чебышевские приближения
|
| 675 |
|
|
|a 517.518(063)
|v 3
|
| 702 |
|
1 |
|a Стечкин
|b С. Б.
|4 340
|
| 702 |
|
1 |
|a Теляковский
|b С. А.
|4 340
|
| 712 |
1 |
2 |
|a Теория приближения функций
|c конференция
|e Киев
|f 1983
|
| 712 |
0 |
2 |
|a Академия наук СССР
|b Математический институт им. В. А. Стеклова
|c (Москва)
|c (1934-1991)
|4 570
|9 25041
|
| 712 |
0 |
2 |
|a Академия наук СССР
|b Уральский научный центр
|b Институт математики и механики
|c (Свердловск)
|4 570
|9 24320
|
| 712 |
0 |
2 |
|a Калужский государственный педагогический институт
|c 1948-1994
|4 570
|9 88976
|
| 801 |
|
0 |
|a RU
|b 63413507
|c 20250926
|
| 830 |
|
|
|a Ретро2025Каталогизация Шило
|
| 942 |
|
|
|c BK
|